[Event "CMA Futurity"]
[Site "Montreal CAN"]
[Date "2002.01.26"]
[Round "4"]
[White "Lazarev, Vladimir"]
[Black "Hebert, Jean"]
[Result "1/2-1/2"]
[WhiteElo "2461"]
[BlackElo "2398"]
[PlyCount "77"]
[GameId "2160767911484300"]
[EventDate "2002.01.23"]
[EventType "tourn"]
[EventRounds "9"]
[EventCountry "CAN"]
[EventCategory "3"]
[SourceTitle "The Week in Chess 379"]
[Source "Mark Crowther"]
[SourceDate "2002.02.11"]
[SourceVersion "1"]
[SourceVersionDate "2002.02.11"]
[SourceQuality "2"]

1. d4 Nf6 2. c4 e6 3. Nc3 Bb4 4. Qc2 Nc6 5. Nf3 d5 6. Bg5 h6 7. Bxf6 Qxf6 8. a3 Bxc3+ 9. Qxc3 O-O 10. e3 a6 11. Be2 Rd8 12. O-O Bd7 13. b4 dxc4 14. Bxc4 Be8 15. Rfc1 Qe7 16. Rab1 Qd6 17. Be2 Rac8 18. Nd2 Ne7 19. Ne4 Nd5 20. Qb2 Qe7 21. Nc5 c6 22. a4 Ra8 23. h3 Rdc8 24. e4 Nf4 25. Bf1 b6 26. Nxa6 Qg5 27. Rc3 Rd8 28. Rg3 Qf6 29. Rf3 g5 30. e5 Qf5 31. Re1 Ra7 32. b5 cxb5 33. axb5 Rad7 34. Rd1 f6 35. Re1 Rxd4 36. exf6 Rd2 37. Qe5 Qxe5 38. Rxe5 Rd1 39. Nc7 1/2-1/2

[Event "CMA Futurity"]
[Site "Montreal CAN"]
[Date "2002.01.27"]
[Round "5"]
[White "Hebert, Jean"]
[Black "Divljan, Igor"]
[Result "1-0"]
[WhiteElo "2398"]
[BlackElo "2258"]
[PlyCount "101"]
[GameId "2160767911484305"]
[EventDate "2002.01.23"]
[EventType "tourn"]
[EventRounds "9"]
[EventCountry "CAN"]
[EventCategory "3"]
[SourceTitle "The Week in Chess 379"]
[Source "Mark Crowther"]
[SourceDate "2002.02.11"]
[SourceVersion "1"]
[SourceVersionDate "2002.02.11"]
[SourceQuality "2"]

1. d4 Nf6 2. Nf3 e6 3. e3 c5 4. Bd3 d5 5. b3 Nbd7 6. O-O Qc7 7. c4 cxd4 8. exd4 Be7 9. Bb2 O-O 10. Nbd2 dxc4 11. bxc4 b6 12. Qe2 Bb7 13. Rac1 Rfe8 14. Rfe1 Bb4 15. Red1 Qf4 16. Qe3 Bd6 17. Re1 Ng4 18. Qxf4 Bxf4 19. Rc2 Ngf6 20. Ba3 Rac8 21. c5 Red8 22. Bb5 Nb8 23. Nb3 a6 24. Be2 Be4 25. Rb2 b5 26. g3 Bh6 27. Ne5 Bd5 28. Na5 Nfd7 29. Ng4 Bg5 30. Bb4 f5 31. Ne3 Bxe3 32. fxe3 Nf6 33. a4 bxa4 34. Ra1 e5 35. dxe5 Nfd7 36. Rd2 Nxe5 37. Rad1 Nec6 38. Bc3 Be6 39. Nxc6 Rxd2 40. Rxd2 Nxc6 41. Rd6 Bb3 42. Rd7 Bf7 43. Bxa6 Rd8 44. Rc7 Nb8 45. Bb5 a3 46. c6 Rd1+ 47. Kf2 Be6 48. Rxg7+ Kf8 49. c7 Nc6 50. Bc4 Bc8 51. Rg8+ 1-0

[Event "CMA Futurity"]
[Site "Montreal CAN"]
[Date "2002.01.29"]
[Round "6"]
[White "Gaspariants, Garry"]
[Black "Hebert, Jean"]
[Result "1/2-1/2"]
[WhiteElo "2230"]
[BlackElo "2398"]
[PlyCount "79"]
[GameId "2160767911484309"]
[EventDate "2002.01.23"]
[EventType "tourn"]
[EventRounds "9"]
[EventCountry "CAN"]
[EventCategory "3"]
[SourceTitle "The Week in Chess 379"]
[Source "Mark Crowther"]
[SourceDate "2002.02.11"]
[SourceVersion "1"]
[SourceVersionDate "2002.02.11"]
[SourceQuality "2"]

1. Nf3 Nf6 2. d4 c5 3. d5 e6 4. Nc3 d6 5. e4 e5 6. Bb5+ Nbd7 7. a4 Be7 8. O-O a6 9. Be2 O-O 10. Nd2 Ne8 11. Nc4 Bg5 12. Bxg5 Qxg5 13. Qc1 Qe7 14. f4 exf4 15. Qxf4 Ne5 16. Rae1 Bd7 17. Ne3 g6 18. Bg4 Kg7 19. Bxd7 Qxd7 20. h3 Qe7 21. Qg3 Kh8 22. Ng4 f6 23. Ne2 Ng7 24. Nf4 Rae8 25. Nh6 Qd8 26. Nd3 Nh5 27. Qh4 c4 28. Nxe5 dxe5 29. Qf2 Qd7 30. b3 Rc8 31. Qb6 cxb3 32. cxb3 Nf4 33. Ng4 Kg7 34. Kh2 Rc2 35. Rf2 Rc3 36. Re3 Rxe3 37. Nxe3 f5 38. Rc2 Rf6 39. Qc7 Rd6 40. Qxd7+ 1/2-1/2

[Event "CMA Futurity"]
[Site "Montreal CAN"]
[Date "2002.01.30"]
[Round "7"]
[White "Hebert, Jean"]
[Black "Voskanyan, Vahagn"]
[Result "1-0"]
[WhiteElo "2398"]
[BlackElo "2315"]
[PlyCount "93"]
[GameId "2160767911484315"]
[EventDate "2002.01.23"]
[EventType "tourn"]
[EventRounds "9"]
[EventCountry "CAN"]
[EventCategory "3"]
[SourceTitle "The Week in Chess 379"]
[Source "Mark Crowther"]
[SourceDate "2002.02.11"]
[SourceVersion "1"]
[SourceVersionDate "2002.02.11"]
[SourceQuality "2"]

1. Nf3 d5 2. c4 c6 3. b3 Nf6 4. Bb2 Bf5 5. g3 e6 6. Bg2 Be7 7. d3 O-O 8. O-O Nbd7 9. Nc3 Rb8 10. Rc1 Qa5 11. Nh4 Bg6 12. a3 Rfc8 13. b4 Qd8 14. Nxg6 hxg6 15. Qb3 b5 16. cxb5 cxb5 17. e4 dxe4 18. dxe4 Qe8 19. Nb1 Nb6 20. Bd4 a6 21. Bxb6 Rxb6 22. e5 Nd7 23. Qe3 Rxc1 24. Rxc1 Qb8 25. f4 a5 26. Qd4 Nf8 27. Nd2 axb4 28. axb4 Ra6 29. Ne4 Ra2 30. h4 Bd8 31. Kh1 Be7 32. Nd6 Bxd6 33. exd6 Nd7 34. Rc7 Qd8 35. Bb7 Kh7 36. Bc6 Nf6 37. Rxf7 Nh5 38. Qd3 Nxg3+ 39. Qxg3 Qxd6 40. Bg2 Qxb4 41. h5 Qb1+ 42. Kh2 Ra1 43. f5 Qg1+ 44. Kh3 g5 45. f6 Kh6 46. fxg7 g4+ 47. Kh4 1-0

[Event "CMA Futurity"]
[Site "Montreal CAN"]
[Date "2002.01.31"]
[Round "8"]
[White "Roussel-Roozmon, Thomas"]
[Black "Hebert, Jean"]
[Result "1/2-1/2"]
[WhiteElo "2140"]
[BlackElo "2398"]
[PlyCount "32"]
[GameId "2160767911484320"]
[EventDate "2002.01.23"]
[EventType "tourn"]
[EventRounds "9"]
[EventCountry "CAN"]
[EventCategory "3"]
[SourceTitle "The Week in Chess 379"]
[Source "Mark Crowther"]
[SourceDate "2002.02.11"]
[SourceVersion "1"]
[SourceVersionDate "2002.02.11"]
[SourceQuality "2"]

1. d4 Nf6 2. c4 e6 3. Nc3 Bb4 4. Qc2 O-O 5. a3 Bxc3+ 6. Qxc3 b6 7. Bg5 Bb7 8. f3 d5 9. e3 Nbd7 10. cxd5 exd5 11. Bd3 h6 12. Bh4 Re8 13. Ne2 c5 14. O-O Qe7 15. Bf2 Rac8 16. Qd2 g6 1/2-1/2

[Event "CMA Futurity"]
[Site "Montreal CAN"]
[Date "2002.02.01"]
[Round "9"]
[White "Hebert, Jean"]
[Black "Gravel, Simon M"]
[Result "1-0"]
[WhiteElo "2398"]
[BlackElo "2261"]
[PlyCount "69"]
[GameId "2160767911484325"]
[EventDate "2002.01.23"]
[EventType "tourn"]
[EventRounds "9"]
[EventCountry "CAN"]
[EventCategory "3"]
[SourceTitle "CBM 086 Extra"]
[Source "ChessBase"]
[SourceDate "2002.03.14"]
[SourceVersion "1"]
[SourceVersionDate "2002.03.14"]
[SourceQuality "1"]

1. Nf3 Nf6 2. c4 g6 3. Nc3 d5 4. cxd5 Nxd5 5. Qb3 Nb6 6. d4 Bg7 7. Bg5 a5 8. Rd1 a4 9. Qc2 Nc6 10. e3 Bf5 11. Qd2 a3 12. b3 Nb4 13. Rc1 Bg4 14. Be2 O-O 15. O-O c6 16. h3 Bxf3 17. Bxf3 h6 18. Bh4 f5 19. Rfd1 Qd7 20. Na4 Nxa4 21. Qxb4 Nb2 22. Rd2 f4 23. d5 c5 24. Rxc5 g5 25. Bxg5 hxg5 26. d6 fxe3 27. fxe3 Rxf3 28. gxf3 exd6 29. Rxg5 Rf8 30. Qxa3 Qe7 31. Rdg2 Qxe3+ 32. Kh1 Nd3 33. Rxg7+ Kh8 34. Qxd6 Rc8 35. Rh7+ 1-0

[Event "Plateau 2"]
[Site "Montreal CAN"]
[Date "2001.09.22"]
[Round "1"]
[White "Hebert, Jean"]
[Black "Masse, Hugues"]
[Result "1-0"]
[WhiteElo "2487"]
[BlackElo "2158"]
[PlyCount "120"]
[GameId "2160767911485181"]
[EventDate "2001.09.22"]
[EventType "swiss"]
[EventRounds "4"]
[EventCountry "CAN"]

1. Nf3 Nf6 2. c4 g6 3. b3 Bg7 4. Bb2 O-O 5. g3 c6 6. Bg2 d5 7. O-O Nbd7 8. Qc2 Re8 9. d4 Ne4 10. Rc1 Ndf6 11. Ne5 Bf5 12. Qd1 Bh6 13. e3 Rc8 14. Qe2 Bg4 15. f3 Nd6 16. Nc3 Be6 17. c5 Nf5 18. Qf2 Bf8 19. g4 Ng7 20. Ne2 Nd7 21. Nf4 f6 22. Nxe6 Nxe6 23. Nd3 Ng7 24. f4 e6 25. a4 Qc7 26. b4 a6 27. Rab1 Ra8 28. Bc3 Kh8 29. Qb2 Reb8 30. Be1 f5 31. g5 Kg8 32. Bf3 Be7 33. Rc3 Qc8 34. Qc1 Bd8 35. Be2 Bc7 36. h4 Kf7 37. Rcb3 Ke7 38. R1b2 Kf7 39. Bd1 Ne8 40. Rh2 Ng7 41. h5 Qf8 42. Qb1 Qc8 43. Kf1 Bd8 44. Rhb2 Bc7 45. Qc2 Qf8 46. Qh2 Qe7 47. h6 Ne8 48. Qc2 Qd8 49. Rb1 Qc8 50. Be2 Kg8 51. Qb2 Kf8 52. b5 axb5 53. axb5 Kf7 54. Bc3 Ke7 55. Qd2 Kf7 56. Nb4 Bd8 57. Bd3 Ke7 58. Qe2 Qc7 59. Qb2 Qc8 60. Be2 Kf7 1-0

[Event "Plateau 2"]
[Site "Montreal CAN"]
[Date "2001.09.23"]
[Round "3"]
[White "Hebert, Jean"]
[Black "Voskanyan, Vahagn"]
[Result "0-1"]
[WhiteElo "2487"]
[BlackElo "2353"]
[PlyCount "68"]
[GameId "2160767911485196"]
[EventDate "2001.09.22"]
[EventType "swiss"]
[EventRounds "4"]
[EventCountry "CAN"]

1. Nf3 d5 2. g3 Bf5 3. c4 dxc4 4. Na3 Nd7 5. Nxc4 Nb6 6. d3 e6 7. Qb3 Nf6 8. Bg2 Rb8 9. O-O Be7 10. e4 Bg6 11. Bf4 Nfd7 12. Nfe5 O-O 13. Nxg6 hxg6 14. d4 Bg5 15. Bxg5 Qxg5 16. Ne3 c5 17. d5 exd5 18. exd5 Qf6 19. Rfd1 Qd6 20. a4 a5 21. Rac1 Rfe8 22. h4 Re5 23. Ng4 Re7 24. Qb5 Rbe8 25. Nh2 c4 26. Bf1 Ne5 27. f4 Nd3 28. Bxd3 cxd3 29. Rxd3 Re1+ 30. Rxe1 Rxe1+ 31. Nf1 Ra1 32. b3 Nd7 33. Rc3 Nf6 34. Qxb7 Nxd5 0-1

[Event "Plateau 2"]
[Site "Montreal CAN"]
[Date "2001.09.23"]
[Round "4"]
[White "Hebert, Jean"]
[Black "Grondin, Jean-Philippe"]
[Result "1-0"]
[WhiteElo "2487"]
[BlackElo "2242"]
[PlyCount "75"]
[GameId "2160767911485202"]
[EventDate "2001.09.22"]
[EventType "swiss"]
[EventRounds "4"]
[EventCountry "CAN"]

1. Nf3 Nc6 2. d4 d5 3. c4 e5 4. dxe5 Bb4+ 5. Bd2 dxc4 6. e3 Be6 7. Qa4 Bxd2+ 8. Nbxd2 a6 9. Nd4 b5 10. Nxc6 Qd7 11. Qa5 Qxc6 12. a4 Bd5 13. Nf3 Bxf3 14. gxf3 Rd8 15. axb5 axb5 16. b3 Ne7 17. bxc4 bxc4 18. Qa4 O-O 19. Qxc6 Nxc6 20. f4 Ra8 21. Rc1 Na5 22. Bg2 Rab8 23. O-O Rfd8 24. Rc2 Kf8 25. Re1 Rb4 26. Bf3 Rdb8 27. Ree2 Rb3 28. Red2 Ke7 29. Be2 Rb1+ 30. Kg2 Nb3 31. Rd5 c6 32. Rd6 Na5 33. Bxc4 Nxc4 34. Rxc4 R1b6 35. f5 Rc8 36. Rcd4 Rb7 37. f6+ gxf6 38. exf6+ 1-0

[Event "Montreal int."]
[Site "Montreal CAN"]
[Date "2001.08.02"]
[Round "1"]
[White "Rozentalis, Eduardas"]
[Black "Hebert, Jean"]
[Result "1-0"]
[WhiteElo "2588"]
[BlackElo "2427"]
[PlyCount "113"]
[GameId "2160767911555327"]
[EventDate "2001.08.02"]
[EventType "tourn"]
[EventRounds "11"]
[EventCountry "CAN"]
[EventCategory "9"]
[SourceTitle "CBM 085"]
[Source "ChessBase"]
[SourceDate "2001.11.13"]
[SourceVersion "1"]
[SourceVersionDate "2001.11.13"]
[SourceQuality "1"]

1. e4 e6 2. d4 d5 3. Nd2 Nf6 4. e5 Nfd7 5. Bd3 c5 6. c3 Nc6 7. Ne2 cxd4 8. cxd4 a5 9. O-O Nb6 10. Nf3 Be7 11. Nc3 Bd7 12. b3 Rc8 13. Bd2 Nb4 14. Be2 O-O 15. a3 Nc6 16. Bd3 a4 17. Nxa4 Nxa4 18. bxa4 Na5 19. Rb1 b6 20. Bb4 Nc4 21. Nd2 Nxd2 22. Bxd2 g6 23. Bb4 Qe8 24. Bc2 Ra8 25. Re1 Bxb4 26. Rxb4 Qe7 27. g3 Rfe8 28. Bb3 Rab8 29. Re2 b5 30. Rb2 bxa4 31. Bxa4 Rxb4 32. Rxb4 Bxa4 33. Rxa4 Rc8 34. Kg2 Qg5 35. Qf3 Qf5 36. Qxf5 gxf5 37. Rb4 Rc3 38. a4 Kg7 39. h3 h5 40. h4 Ra3 41. f4 Kg6 42. Kf2 Kh6 43. Ke2 Rxg3 44. a5 Ra3 45. Rb5 Kg7 46. Kd2 f6 47. exf6+ Kxf6 48. Kc2 Ke7 49. Kb2 Ra4 50. Kb3 Ra1 51. Kb4 Kd7 52. Rb7+ Kc8 53. Rb6 Kd7 54. Kb5 Rd1 55. Rb7+ Kc8 56. a6 Rxd4 57. Rb6 1-0

[Event "Montreal int."]
[Site "Montreal CAN"]
[Date "2001.08.03"]
[Round "2"]
[White "Hebert, Jean"]
[Black "Mikanovic, Goran"]
[Result "1/2-1/2"]
[WhiteElo "2427"]
[BlackElo "2273"]
[PlyCount "95"]
[GameId "2160767911555330"]
[EventDate "2001.08.02"]
[EventType "tourn"]
[EventRounds "11"]
[EventCountry "CAN"]
[EventCategory "9"]
[SourceTitle "CBM 085"]
[Source "ChessBase"]
[SourceDate "2001.11.13"]
[SourceVersion "1"]
[SourceVersionDate "2001.11.13"]
[SourceQuality "1"]

1. Nf3 c5 2. c4 Nf6 3. Nc3 e6 4. g3 b6 5. Bg2 Bb7 6. O-O Be7 7. d4 cxd4 8. Qxd4 d6 9. Bg5 a6 10. Bxf6 Bxf6 11. Qd3 Qc7 12. Rad1 Be7 13. Nd4 Bxg2 14. Kxg2 Nc6 15. b3 O-O 16. Nf3 Rfd8 17. h4 h6 18. Qe3 Rab8 19. a4 Na5 20. Rb1 Rbc8 21. Ne4 Qb7 22. Kh2 Qc7 23. Rfc1 Nc6 24. Kg1 Qb8 25. Nd4 Nxd4 26. Qxd4 Qb7 27. Nc3 Bf6 28. Qe3 d5 29. cxd5 Bxc3 30. Rxc3 Rxc3 31. Qxc3 Rxd5 32. Qe3 h5 33. Rc1 a5 34. Qf4 Kh7 35. f3 Rf5 36. Qd4 Qb8 37. Kf2 Rd5 38. Qc3 Rc5 39. Qd3+ g6 40. Rxc5 bxc5 41. Qb5 Qc7 42. f4 Kg7 43. Qd3 Kf8 44. Qa6 Kg7 45. Qd3 Kg8 46. Qc3 Qb6 47. Qc4 Qd6 48. Qc3 1/2-1/2

[Event "Montreal int."]
[Site "Montreal CAN"]
[Date "2001.08.04"]
[Round "3"]
[White "Krush, Irina"]
[Black "Hebert, Jean"]
[Result "1-0"]
[WhiteElo "2421"]
[BlackElo "2427"]
[PlyCount "147"]
[GameId "2160767911555335"]
[EventDate "2001.08.02"]
[EventType "tourn"]
[EventRounds "11"]
[EventCountry "CAN"]
[EventCategory "9"]
[SourceTitle "CBM 085"]
[Source "ChessBase"]
[SourceDate "2001.11.13"]
[SourceVersion "1"]
[SourceVersionDate "2001.11.13"]
[SourceQuality "1"]

1. d4 Nf6 2. c4 e6 3. Nc3 c5 4. d5 exd5 5. cxd5 g6 6. e4 d6 7. f4 Bg7 8. Bb5+ Nfd7 9. Bd3 Qh4+ 10. g3 Qd8 11. Nf3 O-O 12. O-O Na6 13. Re1 Re8 14. Bf1 b6 15. Nb5 Nf6 16. e5 dxe5 17. fxe5 Nxd5 18. Nd6 Ndc7 19. Bg5 Qd7 20. Nxe8 Qxe8 21. Bf6 Ne6 22. Bg2 Bb7 23. Bxg7 Nxg7 24. Qe2 Nb4 25. Red1 Rb8 26. a3 Nc6 27. Rf1 Ne6 28. Rf2 Qe7 29. Raf1 Rf8 30. Qe3 Ncd4 31. Nd2 Bxg2 32. Kxg2 Kg7 33. Ne4 Nd8 34. Nd6 N4c6 35. Re1 Qe6 36. Qf4 Nd4 37. Qe4 N8c6 38. Qf4 Kg8 39. Ne4 Kg7 40. Nd6 Ne7 41. Qf6+ Kg8 42. Ref1 Nd5 43. Qxe6 Ne3+ 44. Kg1 Nxe6 45. Re1 Ng4 46. Rf3 Ng5 47. Rff1 h5 48. Kg2 Ne6 49. h3 Nh6 50. Rf6 Nd4 51. e6 fxe6 52. Rxg6+ Kh7 53. Rg5 Rf3 54. Rf1 Rb3 55. Rf2 h4 56. gxh4 Nhf5 57. Nxf5 Nxf5 58. Kh2 a5 59. Rfg2 Kh6 60. Rg6+ Kh5 61. Rxe6 Nxh4 62. Rf2 Nf3+ 63. Kg2 Nh4+ 64. Kf1 Nf3 65. Rf6 Ng5 66. Rg2 Nh7 67. Rf5+ Kh6 68. h4 Rh3 69. Re5 Rf3+ 70. Rf2 Rb3 71. Rg2 Rf3+ 72. Ke2 Rf6 73. h5 Nf8 74. Rf2 1-0

[Event "Montreal int."]
[Site "Montreal CAN"]
[Date "2001.08.05"]
[Round "4"]
[White "Hebert, Jean"]
[Black "Barbeau, Sylvain"]
[Result "0-1"]
[WhiteElo "2427"]
[BlackElo "2365"]
[PlyCount "88"]
[GameId "2160767911555342"]
[EventDate "2001.08.02"]
[EventType "tourn"]
[EventRounds "11"]
[EventCountry "CAN"]
[EventCategory "9"]
[SourceTitle "CBM 085"]
[Source "ChessBase"]
[SourceDate "2001.11.13"]
[SourceVersion "1"]
[SourceVersionDate "2001.11.13"]
[SourceQuality "1"]

1. d4 Nf6 2. c4 g6 3. Nc3 d5 4. cxd5 Nxd5 5. e4 Nxc3 6. bxc3 Bg7 7. Nf3 c5 8. Rb1 O-O 9. Be2 b6 10. O-O Bb7 11. d5 Bxc3 12. Bc4 Bg7 13. Qe2 Qc8 14. Bg5 Re8 15. e5 Ba6 16. Rbd1 Bxc4 17. Qxc4 Qf5 18. Rfe1 Nd7 19. Bf4 b5 20. Qc1 f6 21. e6 Nb6 22. Bc7 Nc4 23. a4 a6 24. h3 Rac8 25. Bf4 g5 26. Bg3 Rcd8 27. axb5 axb5 28. Qb1 Qxb1 29. Rxb1 Na3 30. Rb3 b4 31. Rd1 Nb5 32. Rdd3 Nc3 33. Nd2 f5 34. Bc7 Rc8 35. Ba5 c4 36. Nxc4 Rxc4 37. Rxb4 Rxb4 38. Bxb4 Ne4 39. Rf3 f4 40. h4 h6 41. hxg5 hxg5 42. g3 Be5 43. gxf4 Bxf4 44. Rh3 Kg7 0-1

[Event "Montreal int."]
[Site "Montreal CAN"]
[Date "2001.08.06"]
[Round "5"]
[White "Zugic, Igor"]
[Black "Hebert, Jean"]
[Result "1-0"]
[WhiteElo "2440"]
[BlackElo "2427"]
[PlyCount "97"]
[GameId "2160767911555351"]
[EventDate "2001.08.02"]
[EventType "tourn"]
[EventRounds "11"]
[EventCountry "CAN"]
[EventCategory "9"]
[SourceTitle "CBM 085"]
[Source "ChessBase"]
[SourceDate "2001.11.13"]
[SourceVersion "1"]
[SourceVersionDate "2001.11.13"]
[SourceQuality "1"]

1. c4 Nf6 2. Nf3 e6 3. d4 b6 4. g3 Ba6 5. b3 Bb4+ 6. Bd2 Be7 7. Bg2 c6 8. Bc3 d5 9. Nbd2 Nbd7 10. O-O Rc8 11. Re1 c5 12. Rc1 O-O 13. cxd5 exd5 14. Bb2 Re8 15. dxc5 Bxc5 16. Bh3 Rc7 17. a3 Bf8 18. Nd4 Ne5 19. Rxc7 Qxc7 20. Qb1 Qd8 21. Rd1 Bc5 22. e3 Bd3 23. Qa1 Bf8 24. Ne6 fxe6 25. Bxe5 a5 26. Rc1 Bc5 27. Qc3 Bb5 28. b4 axb4 29. axb4 Bd6 30. Qd4 Kf7 31. f4 Re7 32. e4 Bxe5 33. fxe5 Ne8 34. Nf3 h6 35. exd5 Qxd5 36. Qxd5 exd5 37. Nd4 Bc4 38. Re1 g6 39. Bd7 Nf6 40. Be6+ Rxe6 41. Nxe6 Kxe6 42. exf6+ Kxf6 43. Kf2 Kf5 44. Ke3 Kg4 45. Kd4 h5 46. Re6 g5 47. Rxb6 Kh3 48. Rh6 Be2 49. Ke3 1-0

[Event "Montreal int."]
[Site "Montreal CAN"]
[Date "2001.08.07"]
[Round "6"]
[White "Hebert, Jean"]
[Black "Kosyrev, Vladimir"]
[Result "0-1"]
[WhiteElo "2427"]
[BlackElo "2554"]
[PlyCount "34"]
[GameId "2160767911555353"]
[EventDate "2001.08.02"]
[EventType "tourn"]
[EventRounds "11"]
[EventCountry "CAN"]
[EventCategory "9"]
[SourceTitle "CBM 085"]
[Source "ChessBase"]
[SourceDate "2001.11.13"]
[SourceVersion "1"]
[SourceVersionDate "2001.11.13"]
[SourceQuality "1"]

1. d4 e6 2. Nf3 d5 3. c4 Nf6 4. Nc3 Bb4 5. Bg5 dxc4 6. e4 c5 7. Bxc4 cxd4 8. Nxd4 Bxc3+ 9. bxc3 Qa5 10. Bxf6 Qxc3+ 11. Kf1 gxf6 12. Rc1 Qa5 13. Nb5 a6 14. Nd6+ Ke7 15. h4 Nc6 16. Rh3 Rd8 17. Rd3 Qe5 0-1

[Event "Montreal int."]
[Site "Montreal CAN"]
[Date "2001.08.11"]
[Round "9"]
[White "Hebert, Jean"]
[Black "Turov, Maxim"]
[Result "0-1"]
[WhiteElo "2427"]
[BlackElo "2550"]
[PlyCount "66"]
[GameId "2160767911555372"]
[EventDate "2001.08.02"]
[EventType "tourn"]
[EventRounds "11"]
[EventCountry "CAN"]
[EventCategory "9"]
[SourceTitle "CBM 085"]
[Source "ChessBase"]
[SourceDate "2001.11.13"]
[SourceVersion "1"]
[SourceVersionDate "2001.11.13"]
[SourceQuality "1"]

1. d4 Nf6 2. c4 g6 3. Nc3 d5 4. cxd5 Nxd5 5. e4 Nxc3 6. bxc3 Bg7 7. Nf3 c5 8. Rb1 O-O 9. Be2 Nd7 10. O-O Qc7 11. Bd3 e5 12. d5 Nf6 13. Nd2 b6 14. c4 Ne8 15. Bb2 Bd7 16. g3 f5 17. exf5 gxf5 18. f4 e4 19. Bxg7 Kxg7 20. Be2 Nf6 21. Qb3 h5 22. Rfd1 h4 23. d6 Qc6 24. Nf1 Kf7 25. Ne3 Rh8 26. Qc3 hxg3 27. hxg3 Rh3 28. Nd5 Nxd5 29. Rxd5 Be6 30. Qe5 Rah8 31. Kf2 Rh2+ 32. Ke3 Qa4 33. Rd2 Qa3+ 0-1

[Event "Montreal int."]
[Site "Montreal CAN"]
[Date "2001.08.12"]
[Round "10"]
[White "Goldenberg, Danny"]
[Black "Hebert, Jean"]
[Result "0-1"]
[WhiteElo "2343"]
[BlackElo "2427"]
[PlyCount "96"]
[GameId "2160767911555376"]
[EventDate "2001.08.02"]
[EventType "tourn"]
[EventRounds "11"]
[EventCountry "CAN"]
[EventCategory "9"]
[SourceTitle "CBM 085"]
[Source "ChessBase"]
[SourceDate "2001.11.13"]
[SourceVersion "1"]
[SourceVersionDate "2001.11.13"]
[SourceQuality "1"]

1. e4 c5 2. Nf3 Nc6 3. d4 cxd4 4. Nxd4 e6 5. Nc3 a6 6. Be3 Nf6 7. Bd3 d5 8. exd5 exd5 9. O-O Bd6 10. h3 O-O 11. Nce2 Re8 12. c3 Ne5 13. Nf5 Bc7 14. Ned4 Ne4 15. Bc2 Qf6 16. f3 Nd6 17. Nxd6 Bxd6 18. Ne2 Nc4 19. Bd4 Qh6 20. f4 Nxb2 21. Qe1 Nc4 22. Rf3 Bd7 23. Rd1 Na3 24. Bd3 Nb5 25. Qf2 Nxd4 26. Nxd4 Rac8 27. g4 g6 28. g5 Qg7 29. Bf1 Bc5 30. Kh2 Re4 31. Bg2 Bxd4 32. cxd4 Rce8 33. Rd2 Bc6 34. f5 Qf8 35. Qg3 Re2 36. Rxe2 Rxe2 37. f6 Qe8 38. Rf2 Re3 39. Rf3 Re1 40. Rf1 Re3 41. Rf3 Re6 42. h4 Bb5 43. h5 gxh5 44. Rf2 Qd8 45. Qf3 Re4 46. Qxh5 Qd6+ 47. Kh1 Re1+ 48. Bf1 Bxf1 0-1

[Event "Montreal int."]
[Site "Montreal CAN"]
[Date "2001.08.13"]
[Round "11"]
[White "Hebert, Jean"]
[Black "Oral, Tomas"]
[Result "1/2-1/2"]
[WhiteElo "2427"]
[BlackElo "2540"]
[PlyCount "70"]
[GameId "2160767911555384"]
[EventDate "2001.08.02"]
[EventType "tourn"]
[EventRounds "11"]
[EventCountry "CAN"]
[EventCategory "9"]
[SourceTitle "CBM 085"]
[Source "ChessBase"]
[SourceDate "2001.11.13"]
[SourceVersion "1"]
[SourceVersionDate "2001.11.13"]
[SourceQuality "1"]

1. Nf3 c5 2. c4 Nc6 3. Nc3 e5 4. g3 g6 5. Bg2 Bg7 6. d3 Nge7 7. Bg5 h6 8. Bxe7 Nxe7 9. Nd2 O-O 10. Rb1 d6 11. O-O Rb8 12. Qc1 Nc6 13. a3 a5 14. e3 Be6 15. h3 Qd7 16. Kh2 Kh7 17. Qc2 f5 18. f4 Rfe8 19. Qa4 exf4 20. gxf4 g5 21. Nf3 gxf4 22. exf4 Nd4 23. Qd1 Bf7 24. Qd2 Qe7 25. Rbe1 Nxf3+ 26. Bxf3 Qh4 27. Rxe8 Rxe8 28. Nb5 Qe7 29. Rf2 b6 30. a4 Qd8 31. Re2 Bf6 32. Rxe8 Bxe8 33. Qe2 Bxb5 34. axb5 Qe7 35. Qxe7+ Bxe7 1/2-1/2

[Event "Plateau 1"]
[Site "Montreal CAN"]
[Date "2001.06.16"]
[Round "2"]
[White "Hebert, Jean"]
[Black "Mikanovic, Goran"]
[Result "1-0"]
[WhiteElo "2482"]
[BlackElo "2348"]
[PlyCount "115"]
[GameId "2160767911564462"]
[EventDate "2001.06.16"]
[EventType "swiss"]
[EventRounds "4"]
[EventCountry "CAN"]

1. Nf3 c5 2. c4 Nf6 3. Nc3 e6 4. g3 b6 5. Bg2 Bb7 6. O-O Be7 7. b3 a6 8. Bb2 d6 9. d4 cxd4 10. Qxd4 Nbd7 11. Rad1 Qc7 12. Ng5 Bxg2 13. Kxg2 Qb7+ 14. f3 Rd8 15. Nge4 Nc5 16. Nf2 b5 17. e4 bxc4 18. Qxc4 O-O 19. Rfe1 Rc8 20. Qd4 Rfd8 21. Re2 a5 22. Nd3 Nxd3 23. Rxd3 Ne8 24. Na4 Rc6 25. Qe3 Rdc8 26. Rc3 Bf6 27. Rxc6 Rxc6 28. Qd3 h6 29. h4 Bxb2 30. Nxb2 Nf6 31. Nc4 Qc7 32. Qd2 a4 33. Na5 Rc3 34. Nc4 Rxc4 35. bxc4 Qxc4 36. Qc2 Qa6 37. Rd2 d5 38. e5 Nd7 39. Qc7 Qb5 40. h5 Nb6 41. Qb8+ Kh7 42. Qb7 Qa5 43. Rf2 Nc4 44. Qxf7 Ne3+ 45. Kh2 Qe1 46. Qg6+ Kh8 47. Rb2 Nf1+ 48. Kh3 Qxe5 49. Rb6 Qf5+ 50. Kh4 Qf6+ 51. Kh3 Qf5+ 52. Qxf5 exf5 53. Rb8+ Kh7 54. Kg2 Ne3+ 55. Kf2 Nd1+ 56. Ke1 Nc3 57. Kd2 d4 58. a3 1-0

[Event "Plateau 1"]
[Site "Montreal CAN"]
[Date "2001.06.17"]
[Round "3"]
[White "Ochkoos, Jura"]
[Black "Hebert, Jean"]
[Result "1/2-1/2"]
[WhiteElo "2420"]
[BlackElo "2482"]
[PlyCount "122"]
[GameId "2160767911564464"]
[EventDate "2001.06.16"]
[EventType "swiss"]
[EventRounds "4"]
[EventCountry "CAN"]

1. d4 Nf6 2. c4 c5 3. d5 e6 4. Nc3 exd5 5. cxd5 g6 6. e4 d6 7. h3 Bg7 8. Nf3 O-O 9. Bd3 a6 10. a4 Qc7 11. O-O c4 12. Bc2 Nbd7 13. Bf4 Re8 14. Re1 Nh5 15. Be3 Rb8 16. Qd2 Nc5 17. Bd4 b5 18. axb5 axb5 19. g4 Nf6 20. e5 dxe5 21. Bxe5 Rxe5 22. Nxe5 Bd7 23. d6 Qb7 24. Qe3 Rc8 25. Rad1 Be6 26. g5 Nfd7 27. f4 Nxe5 28. fxe5 Nd7 29. Be4 Qb8 30. Nd5 Rc5 31. Nf6+ Bxf6 32. exf6 h6 33. gxh6 Kh7 34. h4 Qf8 35. Kh2 Qxh6 36. Qxh6+ Kxh6 37. Bg2 b4 38. Bh3 Bxh3 39. Kxh3 c3 40. bxc3 bxc3 41. Re7 c2 42. Rc1 Nxf6 43. Rxf7 Rc3+ 44. Kg2 Ng4 45. Rf3 Rc8 46. Rd3 Ne5 47. Rd2 Nc4 48. d7 Rd8 49. Rd4 Ne5 50. Rd5 Ng4 51. Kf3 Rxd7 52. Rxd7 Ne5+ 53. Kg3 Nxd7 54. Rxc2 Nf6 55. Ra2 Nh5+ 56. Kf3 Ng7 57. Kg4 Nh5 58. Ra5 Ng7 59. Kf4 Nf5 60. Ra8 Nd4 61. Ke5 Nf3+ 1/2-1/2